Jubileum Registra bankových úverov a záruk v SR

Register bankových úverov a záruk (1997), ktorý vedie a spravuje NBS pre bankový sektor SR, vznikol podľa vzoru centrály úverových rizík vo Francúzsku. Úverové registre iných krajín. Prvých päť rokov existencie Registra. Za uplynulé desaťročie sa stal dôveryhodným centrálnym informačným zdrojom pre...

Ausführliche Beschreibung

Gespeichert in:
Bibliographische Detailangaben
1. Verfasser: Kátrik, Ladislav
Format: Buchkapitel
Sprache:Slowakisch
Schlagworte:
Tags: Tag hinzufügen
Keine Tags, Fügen Sie das erste Tag hinzu!

MARC

LEADER 00000naa$a2200000$$$4500
001 0059444
005 20231116083345.0
041 0 |a slo 
044 |a SK 
245 1 0 |a Jubileum Registra bankových úverov a záruk v SR  |c Ladislav Kátrik 
520 |a Register bankových úverov a záruk (1997), ktorý vedie a spravuje NBS pre bankový sektor SR, vznikol podľa vzoru centrály úverových rizík vo Francúzsku. Úverové registre iných krajín. Prvých päť rokov existencie Registra. Za uplynulé desaťročie sa stal dôveryhodným centrálnym informačným zdrojom pre bankové subjekty v oblasti úverovej obchodnej politiky. Má podpornú úlohu pri obozretnom podnikaní bánk a pobočiek zahraničných bánk v SR a zároveň je aj zdrojom informácií pri ich akvizičnej činnosti. 
610 2 0 |a úver bankový 
610 2 0 |a záruka 
610 2 0 |a registre 
610 2 0 |a politika obchodná 
610 2 0 |a politika úverová 
610 2 0 |a Slovensko 
100 1 |a Kátrik, Ladislav